Bestehen Sie die 4. Klasse? - Statistiken

Allgemein
  • Dieses Quiz wurde 363 mal gespielt
  • Das Durchschnittsergebnis liegt bei 6 aus 7
Antwortstatistiken
Fach Frage Antwort % Korrekt
Sachkunde An welchem Pol leben Pinguine? Südpol
98%
Mathe 5600:70= 80
97%
Englisch What is the capital of England? London
97%
Erdkunde Auf welchem Breitengrad verläuft der Äquator?
92%
Deutsch 2. Person, Singular, Präsens von schlafen du schläfst
88%
Kunst Welcher bekannte Künstler malte „Sternennacht“? Vincent van Gogh
69%
Musik Wie heißen die fünf Linien für Noten? Notensystem
10%
Keine übereinstimmenden Quizze gefunden
Verteilung der Resultate
Anzahl Personen mit jedem Resultat
Perzentil nach korrekt beantworteten Fragen
Ihre Resultats-Entwicklung
Sie haben dieses Quiz noch nicht gespielt